<O >diálogo sexual (Registo nº 25822)

Detalhes MARC
000 -Etiqueta do registo
Valores 00616nam a2200229 4500
090 ## -
-- 25822
100 ## - Dados gerais de processamento
Dados gerais 20090512d1978 km y0pory5003 ba
101 1# - Língua de publicação
-- por
102 ## - País de publicação
-- PT
200 1# - Titulo e menção de responsabilidade
Título próprio <O >diálogo sexual
Primeira menção de responsabilidade Gilbert Tordjman
Outras menções de responsabilidade trad. de António Pinto Ribeiro
210 ## - Publicação
Local de publicação Lisboa
Nome do editor Moraes
Data de publicação 1978
215 ## - Descrição física 
Paginação / Volumes 192, [6] p.
Dimensões 20 cm
225 2# - Colecção 
Título próprio da colecção Psicologia e Pedagogia
304 ## - Nota relativa ao título
Texto de nota Tít. orig.: Le dialogue sexuel
675 ## - CDU
Notação 613
Edição med
Língua por
700 #1 - Autor principal (pessoa individual)
Apelido Tordjman
Nome Gilbert
702 #1 - Autor secundário (pessoa individual)
Apelido Ribeiro
Nome António Pinto
-- 730
ID Autoridade 3904
930 ## -
-- BECRE
999 ## -
-- Moraes
990 ## - Elementos KOHA
Tipo de documento Livro
995 ## - Localização e informação dos exemplares
-- 18
Exemplares
Situação do levantamento Estado Biblioteca de origem Biblioteca de empréstimo Código de barras Cota Permissão de empréstimo Tipo de documento
  Completo Biblioteca da Escola Básica e Secundária Dr Isidoro de Sousa Biblioteca da Escola Básica e Secundária Dr Isidoro de Sousa 1768EV 159.9 PED Disponível Livro




Powered by Koha